El servicio de bibliobuses y su actuación en España / (Record no. 50533)

MARC details
000 -LEADER
campo de control de longitud fija 00592nam a2200193 i 4500
001 - NÚMERO DE CONTROL
campo de control 50533
003 - IDENTIFICADOR DE NÚMERO DE CONTROL
campo de control ES-MaACL
005 - FECHA Y HORA DE LA ÚLTIMA TRANSACCIÓN
campo de control 20230906162210.0
007 - CAMPO FIJO DE DESCRIPCIÓN FÍSICA--INFORMACIÓN GENERAL
campo de control de longitud fija t|
008 - DATOS DE LONGITUD FIJA--INFORMACIÓN GENERAL
campo de control de longitud fija 030805q1953 sp f |||| | spa d
080 ## - NÚMERO DE LA CLASIFICACIÓN DECIMAL UNIVERSAL
Número de la Clasificación Decimal Universal 021.65
100 1# - ENTRADA PRINCIPAL--NOMBRE DE PERSONA
Nombre de persona Cuartero, Aurora.
9 (RLIN) 41913
245 13 - MENCIÓN DEL TÍTULO
Título El servicio de bibliobuses y su actuación en España /
Mención de responsabilidad, etc. por Aurora Cuarteto.
260 ## - PUBLICACIÓN, DISTRIBUCIÓN, ETC.
Lugar de publicación, distribución, etc. Madrid :
Nombre del editor, distribuidor, etc. [s.n.,
Fecha de publicación, distribución, etc. 1953?] (
Fabricante Imp. Juan Bravo)
300 ## - DESCRIPCIÓN FÍSICA
Extensión 72 p., 3 lám. ;
Dimensiones 21 cm.
650 #4 - PUNTO DE ACCESO ADICIONAL DE MATERIA--TÉRMINO DE MATERIA
Término de materia o nombre geográfico como elemento de entrada Bibliotecas móviles.
9 (RLIN) 162079
650 04 - PUNTO DE ACCESO ADICIONAL DE MATERIA--TÉRMINO DE MATERIA
Término de materia o nombre geográfico como elemento de entrada Bibliotecas públicas-
Subdivisión geográfica España.
9 (RLIN) 10550
852 ## - LOCALIZACIÓN
Ubicación ES-MaACL
Número de control de estantería 1958-F-2
Holdings
Estatus retirado Estado de pérdida Estado de daño No para préstamo Colección Biblioteca de origen Biblioteca actual Ubicación en estantería Fecha de adquisición Fuente de adquisición Total de préstamos Signatura topográfica completa Código de barras Visto por última vez Precio de reemplazo Tipo de ítem Koha
        Colección de folletos Biblioteca del Ateneo de Madrid Biblioteca del Ateneo de Madrid Depósito folletos 17/01/2008     1958-F-2 1053155 23/02/2023 23/02/2023 Folleto